书目信息 |
| 题名: |
大数据智能
|
|
| 作者: | 刘知远 , 崔安颀 著 | |
| 分册: | ||
| 出版信息: | 北京 电子工业出版社 2016.7 |
|
| 页数: | 16, 217页 | |
| 开本: | 24cm | |
| 丛书名: | ||
| 单 册: | ||
| 中图分类: | TP181 | |
| 科图分类: | ||
| 主题词: | 机器学习 , 自然语言处理 | |
| 电子资源: | ||
| ISBN: | 978-7-121-27648-4 | |
| 000 | 01195nam0 2200277 450 | |
| 001 | 0400002441 | |
| 005 | 20171021100429.0 | |
| 010 | @a978-7-121-27648-4@dCNY49.00 | |
| 100 | @a20160301e2016 em y0chiy50 ea | |
| 101 | 0 | @achi |
| 102 | @aCN@b110000 | |
| 105 | @aa z 000yy | |
| 106 | @ar | |
| 200 | 1 | @a大数据智能@9da shu ju zhi neng@b专著@e互联网时代的机器学习和自然语言处理技术@dBig data intelligence@emachine learning & natural language processing in the internet age@f刘知远,崔安颀等著@zeng |
| 210 | @a北京@c电子工业出版社@d2016.7 | |
| 215 | @a16, 217页@c图@d24cm | |
| 300 | @a清华大学数据科学研究院,清华大数据产业联合会联合力荐 | |
| 330 | @a本书包括大数据智能基础和大数据智能应用两个部分,共8章。详细内容包括:深度学习——机器大脑的结构、知识图谱——机器大脑中的知识库、大数据系统——大数据背后的支撑技术、智能问答——智能助手是如何炼成的等。 | |
| 510 | 1 | @aBig data intelligence@emachine learning & natural language processing in the internet age@zeng |
| 606 | 0 | @a机器学习 |
| 606 | 0 | @a自然语言处理 |
| 690 | @aTP181@v5 | |
| 701 | 0 | @a刘知远@9liu zhi yuan@4著 |
| 701 | 0 | @a崔安颀@9cui an qi@4著 |
| 801 | 0 | @aCN@b91MARC@c20171021 |
| 905 | @b1022039-43@dTP181@f5@e117 | |
| 大数据智能:互联网时代的机器学习和自然语言处理技术=Big data intelligence:machine learning & natural language processing in the internet age/刘知远,崔安颀等著.-北京:电子工业出版社,2016.7 |
| 16, 217页:图;24cm |
| 清华大学数据科学研究院,清华大数据产业联合会联合力荐 |
| ISBN 978-7-121-27648-4:CNY49.00 |
| 本书包括大数据智能基础和大数据智能应用两个部分,共8章。详细内容包括:深度学习——机器大脑的结构、知识图谱——机器大脑中的知识库、大数据系统——大数据背后的支撑技术、智能问答——智能助手是如何炼成的等。 |
| ● |
| 相关链接 |
|
|
|
|
正题名:大数据智能
索取号:TP181/117
 
预约/预借
| 序号 | 登录号 | 条形码 | 馆藏地/架位号 | 状态 | 备注 |
| 1 | 1022039 | 210220394 | 第二样本阅览室/ [索取号:TP181/117] | 在馆 | |
| 2 | 1022040 | 210220401 | 密集书库—计算机科学学院/ [索取号:TP181/117] | 在馆 | |
| 3 | 1022041 | 210220410 | 第三借阅区/ [索取号:TP181/117] | 在馆 | |
| 4 | 1022042 | 210220429 | 第三借阅区/ [索取号:TP181/117] | 在馆 | |
| 5 | 1022043 | 210220438 | 第三借阅区/ [索取号:TP181/117] | 在馆 |